000 00308nam a2200133 i 4500
001 bg
100 1 _aLEVIN, S.
245 0 _aOsnovy polyprodnikovoj mikroelektroniki /
_cS. Levin.
260 _aMoskwa,
_c1966.
040 _cBPK
041 _apol
942 _cKS
008 s pl f |000 0 pol
999 _c21038
_d21038
856 _uhttp://koha.tu.koszalin.pl/cgi-bin/koha/opac-detail.pl?biblionumber=21038
_yKatalog online BPK